Представление документа в формате MARC21

Поле Инд. ПП Название Значение
Тип записи a
Библиографический уровень m
001 Контрольный номер RU/IS/BASE/574948009
005 Дата корректировки 20231115124521.6
097 b Оператор *Ир*
245 10 a Заглавие Проектирование автомобильных дорог
b Продолж. заглавия метод. указания к курсовой работе для направления подгот. 08.03.01 Строительство. Профиль: Автомобильные дороги и аэродромы
b Продолж. заглавия в составе учебно-методического комплекса
c Ответственность Каф. Автомобильные дороги, основания и фундаменты
c Ответственность сост.: В.М. Амагаев, В.В. Фадеев
260 a Место издания Тверь
b Издательство ТвГТУ
c Дата издания 2016
440 _0 a Серия УМК-М
500 a Примечание 5/2018
516 8_ a Прим. о типе комп. файла/ данных Текст : электронный
535 1_ a Хранилище Сервер
653 0_ a Ключевые слова Автомобильные дороги
a Ключевые слова Проектирование
655 a Жанр/ форма (устаревшее) М
773 18 w Контрольный № источника 117277
w Контрольный № источника 117302
w Контрольный № источника 115793
900 a Имя макрообъекта 001-000129911-000000000-0000-0000-01
901 t Тип документа m
905 a Дата создания записи 21.03.18
922 c Кафедра Автомобильные дороги, основания и фундаменты
951 i EL-ТГТУ? Да
952 g 1
a Тип литературы для КСУ ВШ П